000 00540nam a22001937a 4500
005 20250217112516.0
008 250217b |||||||| |||| 00| 0 eng d
020 _a9780324200089
050 _aHF5718
_b.P43 PEN
100 _aPenrose, John M.
245 _aBusiness communication for manager;
_ban advanced approach
250 _a5th
260 _aAustralia
_bThomson South-Western
_cc2004
300 _ax, 470p;
_bill.;
500 _aincludes index
700 _aRasberry, Robert W.
700 _aMyers, Robert J.
942 _2lcc
_cBK
_n0
999 _c3903
_d3903